00421nam a22001457a 4500003000400000008004100004020001800045082001400063100006200077245005800139250000800197260003900205300000800244650002300252OSt210209b ||||| |||| 00| 0 eng d a9789385529177 a615.4 JAH aJain, NK, Jain, Sunil K, Jain, Akhlesh and Mishra,Dinesh aHandbook of Practical Pharmaceutics for Postgraduates a1st aNew DelhibVallabh Prakashanc2018 a120 aPharmaceutics - 23